000 00458nam a2200193Ia 4500
005 20240823021839.0
008 240823s9999||||xx |||||||||||||| ||und||
020 _a1-8468-4068-6
041 _aENGLISH
082 _A371.3078 P7
100 _a"Bennett,Hazel"
245 4 _aThe Ultimate Teachers Handbook
250 _a1st
260 _c2007
_b"Viva,New "
_aNew Delhi
500 _aYES
650 _aTeaching
_bGeneral
942 _cBK
999 _c177857
_d177857